| 000 | 01013nam a22002897a 4500 | ||
|---|---|---|---|
| 001 | 6992 | ||
| 003 | FISKH | ||
| 005 | 20250616161106.0 | ||
| 008 | 250616b cb ||||| |||| 00| 0 eng d | ||
| 020 | _a9780439562126 | ||
| 040 |
_aFISKH _beng _cFISKH _dFISKH |
||
| 050 | _aLB1181 .R64 | ||
| 082 | _a428.1 | ||
| 100 | _aRogers, Jacqueline | ||
| 245 |
_aKindergarten ABC / _cBy Jacqueline Rogers |
||
| 250 | _aFirst Scholastic printing , September 2003 | ||
| 260 |
_aNew York : _bScholastic , _c2002. |
||
| 300 |
_a39 unnumbered pages : _bcolor illustrations ; _c23 cm . |
||
| 505 | _aO | ||
| 520 | _aPresents the special activities of a kindergarten class on the day devoted to each letter of the alphabet, from finding acorns outside on A day to zero more letters and a trip to the zoo on Z day. | ||
| 521 | 8 |
_a600
_bLexile |
|
| 521 | 8 |
_aO
_bRaz-Plus |
|
| 650 |
_aBack to school _vJuvenile Fiction |
||
| 700 |
_aGassman, Nathan _eBook desinger |
||
| 942 |
_2ddc _cBK _n0 |
||
| 999 |
_c6992 _d6992 |
||